|
|
|
|
| LEADER |
00937nam a22002657a 4500 |
| 001 |
43531 |
| 003 |
BD-DhAAL |
| 005 |
20241016170559.0 |
| 008 |
241016t1994 ii a|||| |||| 00| 0 eng d |
| 020 |
|
|
|a 9788186112137
|
| 020 |
|
|
|a 8186112138
|
| 040 |
|
|
|a BD-DhAAL
|d BD-DhAAL
|
| 082 |
|
|
|a 658
|
| 100 |
|
|
|a Murthy. D. B. N.
|9 56965
|
| 245 |
|
|
|a Of man and management /
|c D. B. N. Murthy.
|
| 260 |
|
|
|a UBS Publishers' Distributors :
|b New Delhi,
|c 1994.
|
| 300 |
|
|
|a xiv, 195 pages :
|b illustrations (black and white) ;
|c 22 cm.
|
| 500 |
|
|
|a Originally published: 1994
Includes index
|
| 541 |
|
|
|a Savar campus library
|e 43531
|
| 650 |
|
|
|a Management.
|
| 650 |
|
|
|a Personnel management.
|
| 650 |
|
|
|a Organizational behavior.
|
| 942 |
|
|
|2 ddc
|c BK
|
| 999 |
|
|
|c 47016
|d 47016
|
| 952 |
|
|
|0 0
|1 0
|2 ddc
|4 0
|6 658_000000000000000_MUR
|7 0
|9 76689
|a SCL
|b SCL
|c GEN
|d 2024-10-16
|e Savar Campus Library
|g 90.00
|l 0
|o 658 MUR
|p 3020043531
|r 2024-10-16
|t 1
|w 2024-10-16
|y BK
|